000 00461nmm a2200157Ia 4500
008 251105s9999||||xx |||||||||||||||||und||
020 _a9788484287155
041 _aspa
100 _aBerbel, Esmeralda
245 0 _aTaller de escritura creativa para niños y adolescentes
264 _a[Madrid, España] :
_bAlba Editorial,
_c2012
300 _a128 páginas
650 _aEducation
856 _uhttps://public.digitaliapublishing.com/a/33190
942 _cCF
999 _c86430
_d86430